• 首页
  • 本馆介绍
  • 公告通知
  • 最新文献
  • 馆藏检索
  • 电子资源
  • 读者导购
  • 参考咨询
  • 我的图书馆
  • 登录
  • 详细信息显示
  • 放入我的书架
  • 预约/预借图书
  • 作者相关作品
  • 分类相关作品
  • 丛书相关作品
  • 出版社相关作品

书目信息

  • 表格格式
  • 工作单格式
  • 卡片格式
题名:
英语说课与评课的理论和实践
    
 
作者: 傅瑞屏 编著
分册:  
出版信息: 北京   民主与建设出版社  2019
页数: 282页
开本: 24cm
丛书名: 名师名校名校长书系
单 册:
中图分类: G633.412 , G633.41
科图分类:
主题词: 英语课--教学研究--中小学
电子资源:
ISBN: 978-7-5139-2788-8
000 00892nam0 2200253 450
001 2372356543
005 20231209234603.12
010    @a978-7-5139-2788-8@dCNY45.00
100    @a20201113d2019 em y0chiy50 ea
101 0  @achi@aeng
102    @aCN@b110000
105    @ay z 000yy
200 1  @a英语说课与评课的理论和实践@Aying yu shuo ke yu ping ke de li lun he shi jian@f傅瑞屏编著
210    @a北京@c民主与建设出版社@d2019
215    @a282页@d24cm
225 1  @a名师名校名校长书系
330    @a本书共有六章,即第一章英语说课的理论、第二章英语说课的实践、第三章英语课堂观察和反思、第四章英语评课的理论、第五章英语评课的内容、第六章英语评课的实践。
410  0 @12001 @a名师名校名校长书系
606 0  @a英语课@x教学研究@x中小学
690    @aG633.412@v5
690    @aG633.41@v4
701  0 @a傅瑞屏@Afu rui ping@4编著
801  0 @aCN@b91MARC@c20210129
905    @aZUCC@dG633.41@e303
    
    英语说课与评课的理论和实践/傅瑞屏编著.-北京:民主与建设出版社,2019
    282页;24cm.-(名师名校名校长书系)
    
    
    ISBN 978-7-5139-2788-8:CNY45.00
    本书共有六章,即第一章英语说课的理论、第二章英语说课的实践、第三章英语课堂观察和反思、第四章英语评课的理论、第五章英语评课的内容、第六章英语评课的实践。
●
相关链接 在五车中查询图书 在当当中查询图书 在豆瓣中查询图书


正题名:英语说课与评课的理论和实践     索取号:G633.41/303         预约/预借

序号 登录号 条形码 馆藏地/架位号 状态 备注
1 2001033129   2001033129   第四书库/四8架A面2层2列/ [索取号:G633.41/303] 在馆    
2 2001033130   2001033130   第四书库/四8架A面2层2列/ [索取号:G633.41/303] 在馆    
3 2001033131   2001033131   第四书库/四8架A面2层2列/ [索取号:G633.41/303] 在馆    
4 2001033132   2001033132   第四书库/四8架A面2层2列/ [索取号:G633.41/303] 在馆    
5 2001033133   2001033133   第四书库/四8架A面2层2列/ [索取号:G633.41/303] 在馆    
6 2001033134   2001033134   第四书库/四8架A面2层2列/ [索取号:G633.41/303] 在馆    
山东省滨州职业学院图书馆 欢迎您!
大连网信软件有限公司© 版权所有